000 00644cam a2200241 4500
001 L155556
008 000000n2002 000 0 eng u
020 _a9780900417405
035 _a(Sirsi) u155556
041 _aeng
050 _a692.5
245 _aGriffiths complete building price book 2002
250 _a45th ed.
260 _aBournemouth
_bGlenigan Cost Information Services
_c2002
300 _a800p.
350 _a85
650 _aBUILT ENVIRONMENT-BUILDING COSTS
650 _aESTIMATING
650 _aBUILDING PRICE BOOKS
651 4 _aENGLAND AND WALES
690 _aBUILT ENVIRONMENT-BUILDING COSTS
942 _n0
999 _c113658
_d113658